000 00551nam a22001817a 4500
005 20231214085654.0
008 231214b |||||||| |||| 00| 0 eng d
020 _a9780409050097
041 _aEnglish
082 _a342.9 BEK
100 _aBekink, B
_lEnglish
245 _aPrinciples of South African Local Government /
_cB Bekink
250 _aFirst Edition
260 _aDurban :
_bLexisNexis (Pty) Ltd,
_c2006
300 _bxx, 581 pages ;
_c25 cm.
650 _aLegal practice
_bLaw
942 _cBK
_6ALISON_BN_VRIES
999 _c1203
_d1203